Normal view MARC view
  • Vallejo, Fernando,

Entry Nombre Personal

Number of records used in: 1

001 - NUMERO DE CONTROL

  • campo de control: 46371

003 - IDENTIFICADOR DE NUMERO DE CONTROL

  • campo de control: UPN

005 - FECHA Y HORA DE LA ÜLTIMA TRANSACCIÓN

  • campo de control: 20220914083858.0

008 - DATOS DE LONGITUD FIJA

  • campo de control de longitud fija: 220127ng acannaabn n aaa d

040 ## - FUENTE DE CATALOGACIÓN

  • Lenguaje de catalogación: SPA
  • Agencia de transcripción: UPN
  • Agencia original de catalogación: UPN

100 1# - ENCABEZAMIENTO - NOMBRE PERSONAL

  • Nombre personal: Vallejo, Fernando,
  • Fechas asociadas con el nombre: 1942-
  • Subdivisión temática general : Viajes

400 1# - VEÁSE - NOMBRE DE PERSONA

  • Personal name: Vallejo Rendón, Fernando,
  • Dates associated with a name: 1942-

670 ## - FUENTE EN LA QUE SE LOCALIZARON DATOS

  • Cita de la fuente: LC/P

902 ## - CATALOGADOR

  • Catalogador: CAA/140922